Statistiken für Länder, die Bhutan am nächsten liegen - 1 Minute Sprint

Klicken Sie hier um das Quiz zu spielen!

Allgemein

  • Dieses Quiz wurde 146 mal gespielt
  • Das Durchschnittsergebnis liegt bei 14 aus 20

Antwortstatistiken

kmLand% Korrekt
0China
98%
0Indien
97%
63Nepal
92%
1410Pakistan
88%
993Thailand
88%
1074Laos
85%
297Birma
82%
1131Vietnam
81%
43Bangladesch
79%
1714Afghanistan
74%
1805Kambodscha
74%
1703Tadschikistan
61%
2369Turkmenistan
57%
1764Kirgisistan
56%
1693Mongolei
55%
2055Usbekistan
55%
2108Sri Lanka
52%
1779Kasachstan
51%
2329Russland
49%
2357Indonesien
35%

Verteilung der Resultate

Perzentil nach korrekt beantworteten Fragen

Anzahl Personen mit jedem Resultat

Ihre Resultats-Entwicklung

Sie haben dieses Quiz noch nicht gespielt